Silogismos categóricos válidos: argumentos aristotélicos tradicionales derivados con aplicación del Método de Deducción Natural de Montague-Kalish

Na minha lista:
Detalhes bibliográficos
Autor principal: Díaz Meléndez, Aldo (Author)
Formato: Livro
Idioma:espanhol
Publicado em: Valparaíso Universidad Católica de Valparaíso 1976
Assuntos:
Tags: Adicionar Tag
Sem tags, seja o primeiro a adicionar uma tag!

MARC

LEADER 00000nam a2200000 a 4500
001 UCQ8718
003 CL-VaPUC
008 981217e19760000CL |||||||||||||||||spa|d
082 0 4 |a 511.3  |b DIA  |2 21 
100 0 |a Díaz Meléndez, Aldo  |e author  |9 422853 
245 1 0 |a Silogismos categóricos válidos: argumentos aristotélicos tradicionales derivados con aplicación del Método de Deducción Natural de Montague-Kalish 
300 |a 30 p 
942 |c BK 
945 |d 19981217 00:00:00  |a cmena 
260 |a Valparaíso  |b Universidad Católica de Valparaíso  |c 1976 
600 0 |a Aristóteles,  |d 384 a.C.- 322 a.C.  |9 194 
650 0 |a Lógica matemática   |9 262442 
650 0 |a Silogismos  |9 422783 
650 7 |a DEDUCCION  |2 CL-VaPUC  |9 336246 
650 0 |a Filosofía de las ciencias  |9 256466 
583 |a last modification  |c 19981217 00:00:00  |k Rodrigo Vera 
999 |c 277902  |d 277900